中国古代周边各民族 Various Ethnic Groups Surrounding Ancient China - Statistics

General Stats
  • This quiz has been taken 9 times
  • The average score is 15 of 22
Answer Stats
大致存在年代 简介 民族名 % Correct
战国-东汉(约公元前4-公元5世纪) 第一个统一北方草原的游牧帝国,曾对西汉王朝构成巨大压力,迫使汉朝采取和亲政策。 匈奴
100%
东汉-南北朝(约公元1-6世纪) 继前一答案后称霸蒙古草原,其分支建立了前燕、北魏等多个政权,深刻影响了魏晋南北朝的历史。 鲜卑
100%
唐-宋(公元10-12世纪) 建立了雄踞北方两百余年的辽朝,创造出“一国两制”的南北面官制,部分国家至今仍以其名指代中国。 契丹
100%
宋-清(公元12-20世纪) 曾建立金朝和清朝的“白山黑水”民族,以勇猛著称,有“**不满万,满万不可敌”的说法。 女真
100%
宋-清(公元12-17世纪) 在成吉思汗的领导下统一漠北,建立了横跨欧亚的庞大帝国。 蒙古
100%
唐(公元8-9世纪) 曾助唐朝平定安史之乱,是首个与唐建立深度政治军事同盟的草原帝国,也是维吾尔族先民。 回纥
88%
唐(公元7-9世纪) 藏族在青藏高原建立的统一王朝,其赞普松赞干布迎娶文成公主,促进了汉藏文化交流。 吐蕃
88%
南北朝(公元4世纪末-6世纪中叶) 曾雄踞漠北的游牧汗国,与北魏长期对峙,最后被后一答案所灭。 柔然
75%
唐-宋(公元10-13世纪) 原为青藏高原的游牧部落,后内迁建立西夏政权,并创制了独特的西夏文字。 党项
75%
先秦-汉(约公元前10-公元前2世纪) 古代南方沿海诸族的泛称,后融入汉族及南方各民族,是今天部分南方民族的祖先。 百越
75%
唐(公元7-10世纪) 崛起于云南洱海地区的政权,是今天彝族和白族先民建立的国家,其首领曾被唐朝封为云南王。 南诏
75%
汉-魏晋(约公元前2-公元3世纪) 前一答案的一支,因驻牧所在山得名,东汉末年曹操北征其部并将其大量内迁,此后逐渐融合消失。 乌桓
63%
南北朝-唐(公元6-8世纪) 崛起于阿尔泰山,以“锻奴”身份起家,后灭前一答案称霸草原,其语言和风俗对后世影响深远。 突厥
63%
汉-唐(约公元前1-公元7世纪) 横跨中国东北和朝鲜半岛的强国,创造了灿烂的文化,后被唐与新罗联军所灭。 高句丽
63%
汉-南北朝(约公元前2-公元6世纪) 生活在陇南、川北的古老民族,曾建立前秦、后凉等政权,其中前秦一度统一北方。 氐族
63%
汉-三国(约公元2-3世纪) 汉代分布于东南山区前一答案的后裔,以“占山为王的武装集团”形式存在,是东吴政权经年征讨的对象。 山越
50%
南北朝-宋(约公元5-10世纪) 满族的先祖,其中一支建立了渤海国,被誉为“海东盛国”。 靺鞨
50%
魏晋-南北朝(约公元3-4世纪) “五胡”之一,属于第一个答案的别部,其首领石勒曾建立后赵政权,在十六国时期一度强盛。 羯族
50%
南北朝-辽(约公元5-11世纪) 第二个答案的后裔,生活在今内蒙古东部及黑龙江流域,其中的一支被认为是前一答案的直系祖先。 室韦
38%
汉-唐(约公元前2-公元5世纪) 中国东北地区最早的古代政权之一,其王族后来南下建立了百济,是后一答案建国的重要源流之一。 夫余
38%
秦汉-南北朝(约公元前3-公元6世纪) 生活在贝加尔湖地区的游牧民族,曾为第四个答案的重要属部,以擅造高轮大车闻名。 丁零
38%
商周-秦汉(约公元前12-公元2世纪) 生活在川东地区的古老民族,曾助武王伐纣,并以善于使用“板楯”和缴纳“賨布”而闻名。 巴人
38%
No matching quizzes found
Score Distribution
Percent of People with Each Score
Percentile by Number Answered
Your Score History
You have not taken this quiz